| 000 | 00360cam a2200145ua 4500 | ||
|---|---|---|---|
| 020 | _a0 246 11507 6 | ||
| 082 |
_a624 _bBAC/VE |
||
| 100 | _aBache, D H . | ||
| 245 | _aVegetation in civil and landscape engineering / | ||
| 260 |
_aLondon : _bGRANDAA , _c1984. |
||
| 300 | _a318 ; . | ||
| 500 | _a** Reference | ||
| 700 | 1 | _a Macascill, I A . | |
| 942 | _cBK | ||
| 999 |
_c4896 _d4896 |
||